Phép tính vi tích phân Toán cao cấp A1 dùng cho sinh viên đại học và cao đẳng T.2

保存先:
書誌詳細
第一著者: Phan, Quốc Khánh
フォーマット: 図書
言語:Undetermined
出版事項: H. Giáo dục 2001
主題:
オンライン・アクセス:http://lrc.tdmu.edu.vn/opac/search/detail.asp?aID=2&ID=6105
タグ: タグ追加
タグなし, このレコードへの初めてのタグを付けませんか!
Thư viện lưu trữ: Trung tâm Học liệu Trường Đại học Thủ Dầu Một
LEADER 00706nam a2200217Ia 4500
001 TDMU_6105
008 210410s9999 xx 000 0 und d
082 |a 515 
090 |b PH105 
100 |a Phan, Quốc Khánh 
245 0 |a Phép tính vi tích phân 
245 0 |b Toán cao cấp A1 dùng cho sinh viên đại học và cao đẳng 
245 0 |c Phan Quốc Khánh 
245 0 |n T.2 
260 |a H. 
260 |b Giáo dục 
260 |c 2001 
300 |a 391tr 
650 |a Toán cao cấp; Vi tích phân  |x Phép tính 
856 |u http://lrc.tdmu.edu.vn/opac/search/detail.asp?aID=2&ID=6105 
980 |a Trung tâm Học liệu Trường Đại học Thủ Dầu Một